Most hated country on europe by other european countries - Statistics

General Stats
  • This quiz has been taken 131 times
  • The average score is 46 of 51
Answer Stats
Country Answer % Correct
Denmark France
100%
Monaco France
100%
Liechtenstein Germany
94%
Ireland United Kingdom
94%
Austria Italy
93%
San Marino Italy
93%
Vatican City Italy
93%
North Macedonia Greece
92%
Turkey Greece
92%
Albania Serbia
92%
Andorra Serbia
92%
Belgium Serbia
92%
Bosnia And Herzegovina Serbia
92%
Croatia Serbia
92%
Estonia Serbia
92%
France Serbia
92%
Georgia Serbia
92%
Kosovo Serbia
92%
Netherlands Serbia
92%
Portugal Serbia
92%
Switzerland Serbia
92%
Hungary Romania
91%
Cyprus Turkey
91%
Finland Turkey
91%
Germany Turkey
91%
Greece Turkey
91%
Iceland Turkey
91%
Latvia Turkey
91%
Lithuania Turkey
91%
Malta Turkey
91%
Norway Turkey
91%
Poland Turkey
91%
Sweden Turkey
91%
Luxembourg Belgium
90%
United Kingdom Ireland
90%
Belarus Poland
89%
Czechia Hungary
88%
Moldova Hungary
88%
Romania Hungary
88%
Slovenia Hungary
88%
Ukraine Hungary
88%
Russia Ukraine
88%
Slovakia Ukraine
88%
Serbia Albania
87%
Montenegro Bosnia And Herzegovina
87%
Azerbaijan Armenia
82%
Kazakhstan Armenia
82%
Armenia Azerbaijan
82%
Bulgaria North Macedonia
81%
Italy Austria
78%
Spain Kosovo
74%
No matching quizzes found
Score Distribution
Percent of People with Each Score
Percentile by Number Answered
Your Score History
You have not taken this quiz